Central Library OPAC University of Rajshahi

Industrial psychology / (Record no. 15460)

MARC details
000 -LEADER
fixed length control field 00868nam a2200265 a 4500
001 - CONTROL NUMBER
control field 15460
003 - CONTROL NUMBER IDENTIFIER
rucl marc code BD-RjUL
005 - DATE AND TIME OF LATEST TRANSACTION
control field 20211208235823.0
008 - FIXED-LENGTH DATA ELEMENTS--GENERAL INFORMATION
fixed length control field 140210r19621932nyuaf b 001 0 eng d
035 ## - SYSTEM CONTROL NUMBER
System control number (BD-RjUL)15514
040 ## - CATALOGING SOURCE
Original cataloging agency DLC
Transcribing agency DLC
Modifying agency DLC
-- BD-RjUL
Language of cataloging eng
041 ## - LANGUAGE CODE
Language code of text/sound track or separate title eng
082 00 - DEWEY DECIMAL CLASSIFICATION NUMBER
Classification number 158.7
Author mark and year VII 1962
Edition number 23
100 1# - MAIN ENTRY--PERSONAL NAME
Personal name Viteles, Morris S.
Fuller form of name (Morris Simon),
Dates associated with a name 1898-1996.
9 (RLIN) 48021
245 10 - TITLE STATEMENT
Title Industrial psychology /
Statement of responsibility, etc. Morris S. Viteles.
260 ## - PUBLICATION, DISTRIBUTION, ETC. (IMPRINT)
Place of publication, distribution, etc. New York :
Name of publisher, distributor, etc. W. W. Norton. Pub.,
Date of publication, distribution, etc. c1932,1933 [reprinted 1962]
300 ## - PHYSICAL DESCRIPTION
Pagination xviii, 652 p. :
Illustrations ill., 8 p. of plates ;
Size 24 cm.
500 ## - GENERAL NOTE
General note Reprint. Originally published: New York : W.W. Norton, 1932.
General note Includes indexes.
504 ## - BIBLIOGRAPHY, ETC. NOTE
Bibliography, etc Bibliography: p. 629-633.
650 #0 - SUBJECT ADDED ENTRY--TOPICAL TERM
Topical term or geographic name as entry element Psychology, Industrial.
9 (RLIN) 3670
942 ## - ADDED ENTRY ELEMENTS (KOHA)
Source of classification or shelving scheme Dewey Decimal Classification
Koha item type Books
Holdings
Lost status Source of classification or shelving scheme Damaged status Not for loan Collection code Permanent Location Current Location Shelving location Date acquired Source of acquisition Total Checkouts Full call number Date last seen Date checked out Copy number Koha item type
  Dewey Decimal Classification     Non-fiction Central Library, University of Rajshahi Central Library, University of Rajshahi   26/03/1963 Zeitlinger 1 158.7 VII 1932 25/08/2019 17/07/2019 C-7 Books
  Dewey Decimal Classification     Non-fiction Central Library, University of Rajshahi Central Library, University of Rajshahi   19/05/2019     158.7 VII 1962 19/05/2019   C-2 Books
  Dewey Decimal Classification   Not For Loan Non-fiction Central Library, University of Rajshahi Central Library, University of Rajshahi Reading Room 19/05/2019     158.7 VII 1932 19/05/2019   C-1 Books
  Dewey Decimal Classification     Non-fiction Central Library, University of Rajshahi Central Library, University of Rajshahi   14/09/2019     158.7 VII 1962 14/09/2019   C-3 Books
  Dewey Decimal Classification     Non-fiction Central Library, University of Rajshahi Central Library, University of Rajshahi   14/09/2019     158.7 VII 1962 14/09/2019   C-9 Books
  Dewey Decimal Classification     Non-fiction Central Library, University of Rajshahi Central Library, University of Rajshahi   14/09/2019     158.7 VII 1962 14/09/2019   C-5 Books
  Dewey Decimal Classification     Non-fiction Central Library, University of Rajshahi Central Library, University of Rajshahi   26/03/1963 Britain   158.7 VII 1962 18/09/2019   C-4 Books
  Dewey Decimal Classification     Non-fiction Central Library, University of Rajshahi Central Library, University of Rajshahi   26/03/1963 Britain   158.7 VII 1962 18/09/2019   C-6 Books
  Dewey Decimal Classification     Non-fiction Central Library, University of Rajshahi Central Library, University of Rajshahi   26/03/1963 Britain   158.7 VII 1962 18/09/2019   C-8 Books
  Dewey Decimal Classification     Non-fiction Central Library, University of Rajshahi Central Library, University of Rajshahi   05/10/2021     158.7 VII 1962 05/10/2021   C-10 Books